| 000 | 00343nam a2200133 4500 | ||
|---|---|---|---|
| 005 | 20260530113905.0 | ||
| 100 | 1 |
_aChristy Casamassima _932750 |
|
| 245 | 1 | 0 | _aRestaurant 2000 |
| 264 | 1 |
_bPBC International Inc. USA _c1998 |
|
| 300 | _a172 páginas | ||
| 336 |
_atexto _2rdacontent |
||
| 337 |
_asin medio _2rdamedia |
||
| 338 |
_avolumen _2rdacarrier |
||
| 999 |
_c11934 _d11934 |
||